Kontroling kvality a jeho koncepcia

Pojem kontroling. Základné funkcie kontrolingu kvality. Analýza hospodárnosti zameraná na kvalitu.

Salvato in:
Dettagli Bibliografici
Autore principale: Mateides, Alexander
Altri autori: Pohančaník, Peter
Natura: Capitolo di libro
Lingua:slovacco
Soggetti:
Tags: Aggiungi Tag
Nessun Tag, puoi essere il primo ad aggiungerne!!

MARC

LEADER 00000naa$a2200000$$$4500
001 0053639
005 20231108130647.4
041 0 |a slo 
044 |a SK 
245 1 0 |a Kontroling kvality a jeho koncepcia  |c Alexander Mateides, Peter Pohančaník 
520 |a Pojem kontroling. Základné funkcie kontrolingu kvality. Analýza hospodárnosti zameraná na kvalitu. 
610 2 0 |a kontroling 
610 2 0 |a pojmy 
610 2 0 |a manažment 
610 2 0 |a riadenie podnikové 
610 2 0 |a kvalita 
610 2 0 |a riadenie kvality 
100 1 |a Mateides, Alexander 
700 1 |a Pohančaník, Peter